<?xml version="1.0" encoding="UTF-8"?>
<record
    xmlns:xsi="http://www.w3.org/2001/XMLSchema-instance"
    xsi:schemaLocation="http://www.loc.gov/MARC21/slim http://www.loc.gov/standards/marcxml/schema/MARC21slim.xsd"
    xmlns="http://www.loc.gov/MARC21/slim">

  <leader>00831    a2200289   4500</leader>
  <controlfield tag="001">139484</controlfield>
  <controlfield tag="003">OSt</controlfield>
  <controlfield tag="005">20260130122310.0</controlfield>
  <controlfield tag="008">                                        </controlfield>
  <datafield tag="020" ind1=" " ind2=" ">
    <subfield code="a">9780070702134</subfield>
  </datafield>
  <datafield tag="082" ind1=" " ind2=" ">
    <subfield code="a">531</subfield>
    <subfield code="b">K65M</subfield>
  </datafield>
  <datafield tag="100" ind1="1" ind2=" ">
    <subfield code="a">Kittel, Charles</subfield>
  </datafield>
  <datafield tag="245" ind1="1" ind2=" ">
    <subfield code="a">Mechanics</subfield>
    <subfield code="c">by Charles Kittel, Walter D. Knight and Malvin A. Ruderman; revised by A. Carl Helmholz and Buron J. Moyer</subfield>
  </datafield>
  <datafield tag="250" ind1=" " ind2=" ">
    <subfield code="a">2nd ed.</subfield>
  </datafield>
  <datafield tag="260" ind1=" " ind2=" ">
    <subfield code="a">Chennai</subfield>
    <subfield code="b">McGrew Hill</subfield>
    <subfield code="c">2011, 2013, 2018, 2019</subfield>
  </datafield>
  <datafield tag="300" ind1=" " ind2=" ">
    <subfield code="a">xx, 451p.</subfield>
  </datafield>
  <datafield tag="490" ind1=" " ind2=" ">
    <subfield code="a">Berkeley Physics Course</subfield>
    <subfield code="v">Vol. 1</subfield>
  </datafield>
  <datafield tag="500" ind1=" " ind2=" ">
    <subfield code="a">Vol. 1</subfield>
  </datafield>
  <datafield tag="546" ind1=" " ind2=" ">
    <subfield code="a">English</subfield>
  </datafield>
  <datafield tag="650" ind1=" " ind2=" ">
    <subfield code="a">Physics</subfield>
  </datafield>
  <datafield tag="650" ind1=" " ind2=" ">
    <subfield code="a">Physics; Mechanics</subfield>
  </datafield>
  <datafield tag="700" ind1=" " ind2=" ">
    <subfield code="a">Knight, Walter D.</subfield>
  </datafield>
  <datafield tag="700" ind1=" " ind2=" ">
    <subfield code="a">Ruderman, Malvin A.</subfield>
  </datafield>
  <datafield tag="700" ind1=" " ind2=" ">
    <subfield code="4">Helmholz, A. Carl, Rev.</subfield>
  </datafield>
  <datafield tag="700" ind1=" " ind2=" ">
    <subfield code="a">Moyer, Buron J., Rev.</subfield>
  </datafield>
  <datafield tag="942" ind1=" " ind2=" ">
    <subfield code="2">ddc</subfield>
    <subfield code="c">BK</subfield>
  </datafield>
  <datafield tag="999" ind1=" " ind2=" ">
    <subfield code="c">12141</subfield>
    <subfield code="d">12141</subfield>
  </datafield>
  <datafield tag="952" ind1=" " ind2=" ">
    <subfield code="0">0</subfield>
    <subfield code="1">0</subfield>
    <subfield code="4">0</subfield>
    <subfield code="7">0</subfield>
    <subfield code="a">CURAJ</subfield>
    <subfield code="b">CURAJ</subfield>
    <subfield code="c">PHY</subfield>
    <subfield code="d">2014-03-12</subfield>
    <subfield code="e">Pranay Books</subfield>
    <subfield code="g">499.00</subfield>
    <subfield code="i">156/12-09-13</subfield>
    <subfield code="l">1</subfield>
    <subfield code="o">531 K65M</subfield>
    <subfield code="p">15352</subfield>
    <subfield code="r">2024-11-21</subfield>
    <subfield code="s">2024-10-04</subfield>
    <subfield code="w">2020-09-02</subfield>
    <subfield code="y">BK</subfield>
  </datafield>
  <datafield tag="952" ind1=" " ind2=" ">
    <subfield code="0">0</subfield>
    <subfield code="1">0</subfield>
    <subfield code="4">0</subfield>
    <subfield code="7">0</subfield>
    <subfield code="8">TXB</subfield>
    <subfield code="a">CURAJ</subfield>
    <subfield code="b">CURAJ</subfield>
    <subfield code="d">2016-01-20</subfield>
    <subfield code="e">PHY</subfield>
    <subfield code="o">531 K65M</subfield>
    <subfield code="p">25519</subfield>
    <subfield code="r">2024-11-21</subfield>
    <subfield code="w">2020-09-02</subfield>
    <subfield code="y">BK</subfield>
  </datafield>
  <datafield tag="952" ind1=" " ind2=" ">
    <subfield code="0">0</subfield>
    <subfield code="1">0</subfield>
    <subfield code="4">0</subfield>
    <subfield code="7">0</subfield>
    <subfield code="a">CURAJ</subfield>
    <subfield code="b">CURAJ</subfield>
    <subfield code="c">PHY</subfield>
    <subfield code="d">2014-03-12</subfield>
    <subfield code="e">Pranay Books</subfield>
    <subfield code="g">499.00</subfield>
    <subfield code="i">156/12-09-13</subfield>
    <subfield code="l">0</subfield>
    <subfield code="o">531 K65M</subfield>
    <subfield code="p">15353</subfield>
    <subfield code="r">2024-11-21</subfield>
    <subfield code="w">2020-09-02</subfield>
    <subfield code="y">BK</subfield>
  </datafield>
  <datafield tag="952" ind1=" " ind2=" ">
    <subfield code="0">0</subfield>
    <subfield code="1">0</subfield>
    <subfield code="4">0</subfield>
    <subfield code="7">0</subfield>
    <subfield code="a">CURAJ</subfield>
    <subfield code="b">CURAJ</subfield>
    <subfield code="c">PHY</subfield>
    <subfield code="d">2014-03-12</subfield>
    <subfield code="e">Pranay Books</subfield>
    <subfield code="g">499.00</subfield>
    <subfield code="i">156/12-09-13</subfield>
    <subfield code="l">0</subfield>
    <subfield code="o">531 K65M</subfield>
    <subfield code="p">15354</subfield>
    <subfield code="r">2024-11-21</subfield>
    <subfield code="w">2020-09-02</subfield>
    <subfield code="y">BK</subfield>
  </datafield>
  <datafield tag="952" ind1=" " ind2=" ">
    <subfield code="0">0</subfield>
    <subfield code="1">0</subfield>
    <subfield code="2">ddc</subfield>
    <subfield code="4">0</subfield>
    <subfield code="7">0</subfield>
    <subfield code="8">TXB</subfield>
    <subfield code="a">CURAJ</subfield>
    <subfield code="b">CURAJ</subfield>
    <subfield code="d">2014-03-12</subfield>
    <subfield code="e">PHY</subfield>
    <subfield code="g">0.00</subfield>
    <subfield code="l">1</subfield>
    <subfield code="o">531 K65M</subfield>
    <subfield code="p">14464</subfield>
    <subfield code="r">2025-09-04</subfield>
    <subfield code="s">2025-08-25</subfield>
    <subfield code="w">2020-09-02</subfield>
    <subfield code="y">BK</subfield>
  </datafield>
  <datafield tag="952" ind1=" " ind2=" ">
    <subfield code="0">0</subfield>
    <subfield code="1">0</subfield>
    <subfield code="4">0</subfield>
    <subfield code="7">0</subfield>
    <subfield code="a">CURAJ</subfield>
    <subfield code="b">CURAJ</subfield>
    <subfield code="c">PHY</subfield>
    <subfield code="d">2014-03-12</subfield>
    <subfield code="e">Pranay Books</subfield>
    <subfield code="g">499.00</subfield>
    <subfield code="i">156/12-09-13</subfield>
    <subfield code="l">0</subfield>
    <subfield code="o">531 K65M</subfield>
    <subfield code="p">15355</subfield>
    <subfield code="r">2024-11-21</subfield>
    <subfield code="w">2020-09-02</subfield>
    <subfield code="y">BK</subfield>
  </datafield>
  <datafield tag="952" ind1=" " ind2=" ">
    <subfield code="0">0</subfield>
    <subfield code="1">0</subfield>
    <subfield code="4">0</subfield>
    <subfield code="7">0</subfield>
    <subfield code="8">TXB</subfield>
    <subfield code="a">CURAJ</subfield>
    <subfield code="b">CURAJ</subfield>
    <subfield code="d">2016-01-20</subfield>
    <subfield code="e">PHY</subfield>
    <subfield code="o">531 K65M</subfield>
    <subfield code="p">25518</subfield>
    <subfield code="r">2024-11-21</subfield>
    <subfield code="w">2020-09-02</subfield>
    <subfield code="y">BK</subfield>
  </datafield>
  <datafield tag="952" ind1=" " ind2=" ">
    <subfield code="0">0</subfield>
    <subfield code="1">0</subfield>
    <subfield code="4">0</subfield>
    <subfield code="7">0</subfield>
    <subfield code="a">CURAJ</subfield>
    <subfield code="b">CURAJ</subfield>
    <subfield code="c">PHY</subfield>
    <subfield code="d">2014-03-12</subfield>
    <subfield code="e">Pranay Books</subfield>
    <subfield code="g">499.00</subfield>
    <subfield code="i">156/12-09-13</subfield>
    <subfield code="l">1</subfield>
    <subfield code="o">531 K65M</subfield>
    <subfield code="p">15350</subfield>
    <subfield code="r">2025-09-30</subfield>
    <subfield code="s">2025-09-17</subfield>
    <subfield code="w">2020-09-02</subfield>
    <subfield code="y">BK</subfield>
  </datafield>
  <datafield tag="952" ind1=" " ind2=" ">
    <subfield code="0">0</subfield>
    <subfield code="1">0</subfield>
    <subfield code="4">0</subfield>
    <subfield code="7">0</subfield>
    <subfield code="a">CURAJ</subfield>
    <subfield code="b">CURAJ</subfield>
    <subfield code="c">PHY</subfield>
    <subfield code="d">2014-03-12</subfield>
    <subfield code="e">Pranay Books</subfield>
    <subfield code="g">499.00</subfield>
    <subfield code="i">156/12-09-13</subfield>
    <subfield code="l">0</subfield>
    <subfield code="o">531 K65M</subfield>
    <subfield code="p">15351</subfield>
    <subfield code="r">2024-11-21</subfield>
    <subfield code="w">2020-09-02</subfield>
    <subfield code="y">BK</subfield>
  </datafield>
  <datafield tag="952" ind1=" " ind2=" ">
    <subfield code="0">0</subfield>
    <subfield code="1">0</subfield>
    <subfield code="4">0</subfield>
    <subfield code="7">0</subfield>
    <subfield code="a">CURAJ</subfield>
    <subfield code="b">CURAJ</subfield>
    <subfield code="c">PHY</subfield>
    <subfield code="d">2014-03-12</subfield>
    <subfield code="e">Pranay Books</subfield>
    <subfield code="g">499.00</subfield>
    <subfield code="i">156/12-09-13</subfield>
    <subfield code="l">0</subfield>
    <subfield code="o">531 K65M</subfield>
    <subfield code="p">15349</subfield>
    <subfield code="r">2024-11-21</subfield>
    <subfield code="w">2020-09-02</subfield>
    <subfield code="y">BK</subfield>
  </datafield>
  <datafield tag="952" ind1=" " ind2=" ">
    <subfield code="0">0</subfield>
    <subfield code="1">0</subfield>
    <subfield code="2">ddc</subfield>
    <subfield code="4">0</subfield>
    <subfield code="7">0</subfield>
    <subfield code="8">TXB</subfield>
    <subfield code="a">CURAJ</subfield>
    <subfield code="b">CURAJ</subfield>
    <subfield code="c">PHY</subfield>
    <subfield code="d">2014-03-12</subfield>
    <subfield code="e">Pranay Books</subfield>
    <subfield code="g">535.00</subfield>
    <subfield code="i">165/13.09.13</subfield>
    <subfield code="l">0</subfield>
    <subfield code="o">531 K65M</subfield>
    <subfield code="p">15763</subfield>
    <subfield code="r">2024-11-21</subfield>
    <subfield code="w">2020-09-02</subfield>
    <subfield code="y">BK</subfield>
  </datafield>
  <datafield tag="952" ind1=" " ind2=" ">
    <subfield code="0">0</subfield>
    <subfield code="1">0</subfield>
    <subfield code="4">0</subfield>
    <subfield code="7">0</subfield>
    <subfield code="a">CURAJ</subfield>
    <subfield code="b">CURAJ</subfield>
    <subfield code="c">PHY</subfield>
    <subfield code="d">2014-03-12</subfield>
    <subfield code="e">Pranay Books</subfield>
    <subfield code="g">499.00</subfield>
    <subfield code="i">156/12-09-13</subfield>
    <subfield code="l">0</subfield>
    <subfield code="o">531 K65M</subfield>
    <subfield code="p">15346</subfield>
    <subfield code="r">2024-11-21</subfield>
    <subfield code="w">2020-09-02</subfield>
    <subfield code="y">BK</subfield>
  </datafield>
  <datafield tag="952" ind1=" " ind2=" ">
    <subfield code="0">0</subfield>
    <subfield code="1">0</subfield>
    <subfield code="2">ddc</subfield>
    <subfield code="4">0</subfield>
    <subfield code="7">0</subfield>
    <subfield code="8">TXB</subfield>
    <subfield code="a">CURAJ</subfield>
    <subfield code="b">CURAJ</subfield>
    <subfield code="c">PHY</subfield>
    <subfield code="d">2014-03-12</subfield>
    <subfield code="e">Pranay Books</subfield>
    <subfield code="g">535.00</subfield>
    <subfield code="i">165/13.09.13</subfield>
    <subfield code="l">2</subfield>
    <subfield code="o">531 K65M</subfield>
    <subfield code="p">15764</subfield>
    <subfield code="r">2024-11-27</subfield>
    <subfield code="s">2024-11-21</subfield>
    <subfield code="w">2020-09-02</subfield>
    <subfield code="y">BK</subfield>
  </datafield>
  <datafield tag="952" ind1=" " ind2=" ">
    <subfield code="0">0</subfield>
    <subfield code="1">0</subfield>
    <subfield code="4">0</subfield>
    <subfield code="7">0</subfield>
    <subfield code="a">CURAJ</subfield>
    <subfield code="b">CURAJ</subfield>
    <subfield code="c">PHY</subfield>
    <subfield code="d">2014-03-12</subfield>
    <subfield code="e">Pranay Books</subfield>
    <subfield code="g">499.00</subfield>
    <subfield code="i">156/12-09-13</subfield>
    <subfield code="l">1</subfield>
    <subfield code="o">531 K65M</subfield>
    <subfield code="p">15347</subfield>
    <subfield code="r">2024-11-21</subfield>
    <subfield code="s">2022-03-21</subfield>
    <subfield code="w">2020-09-02</subfield>
    <subfield code="y">BK</subfield>
  </datafield>
  <datafield tag="952" ind1=" " ind2=" ">
    <subfield code="0">0</subfield>
    <subfield code="1">0</subfield>
    <subfield code="2">ddc</subfield>
    <subfield code="4">0</subfield>
    <subfield code="7">0</subfield>
    <subfield code="8">TXB</subfield>
    <subfield code="a">CURAJ</subfield>
    <subfield code="b">CURAJ</subfield>
    <subfield code="c">PHY</subfield>
    <subfield code="d">2014-03-12</subfield>
    <subfield code="e">Pranay Books</subfield>
    <subfield code="g">535.00</subfield>
    <subfield code="i">165/13.09.13</subfield>
    <subfield code="l">0</subfield>
    <subfield code="o">531 K65M</subfield>
    <subfield code="p">15765</subfield>
    <subfield code="r">2024-11-21</subfield>
    <subfield code="w">2020-09-02</subfield>
    <subfield code="y">BK</subfield>
  </datafield>
  <datafield tag="952" ind1=" " ind2=" ">
    <subfield code="0">0</subfield>
    <subfield code="1">0</subfield>
    <subfield code="4">0</subfield>
    <subfield code="7">0</subfield>
    <subfield code="a">CURAJ</subfield>
    <subfield code="b">CURAJ</subfield>
    <subfield code="c">PHY</subfield>
    <subfield code="d">2014-03-12</subfield>
    <subfield code="e">Pranay Books</subfield>
    <subfield code="g">499.00</subfield>
    <subfield code="i">156/12-09-13</subfield>
    <subfield code="l">0</subfield>
    <subfield code="o">531 K65M</subfield>
    <subfield code="p">15348</subfield>
    <subfield code="r">2024-11-21</subfield>
    <subfield code="w">2020-09-02</subfield>
    <subfield code="y">BK</subfield>
  </datafield>
  <datafield tag="952" ind1=" " ind2=" ">
    <subfield code="0">0</subfield>
    <subfield code="1">0</subfield>
    <subfield code="2">ddc</subfield>
    <subfield code="4">0</subfield>
    <subfield code="7">0</subfield>
    <subfield code="8">RTB</subfield>
    <subfield code="a">CURAJ</subfield>
    <subfield code="b">CURAJ</subfield>
    <subfield code="c">PHY</subfield>
    <subfield code="d">2014-03-12</subfield>
    <subfield code="e">Pranay Books</subfield>
    <subfield code="g">535.00</subfield>
    <subfield code="i">165/13.09.13</subfield>
    <subfield code="l">0</subfield>
    <subfield code="o">531 K65M</subfield>
    <subfield code="p">15761</subfield>
    <subfield code="r">2024-11-21</subfield>
    <subfield code="w">2020-09-02</subfield>
    <subfield code="y">BK</subfield>
  </datafield>
  <datafield tag="952" ind1=" " ind2=" ">
    <subfield code="0">0</subfield>
    <subfield code="1">0</subfield>
    <subfield code="2">ddc</subfield>
    <subfield code="4">0</subfield>
    <subfield code="7">0</subfield>
    <subfield code="8">TXB</subfield>
    <subfield code="a">CURAJ</subfield>
    <subfield code="b">CURAJ</subfield>
    <subfield code="c">PHY</subfield>
    <subfield code="d">2014-03-12</subfield>
    <subfield code="e">Pranay Books</subfield>
    <subfield code="g">535.00</subfield>
    <subfield code="i">165/13.09.13</subfield>
    <subfield code="l">18</subfield>
    <subfield code="o">531 K65M</subfield>
    <subfield code="p">15762</subfield>
    <subfield code="r">2024-11-21</subfield>
    <subfield code="s">2024-03-28</subfield>
    <subfield code="w">2020-09-02</subfield>
    <subfield code="y">BK</subfield>
  </datafield>
  <datafield tag="952" ind1=" " ind2=" ">
    <subfield code="0">0</subfield>
    <subfield code="1">0</subfield>
    <subfield code="2">ddc</subfield>
    <subfield code="4">0</subfield>
    <subfield code="5">1</subfield>
    <subfield code="7">1</subfield>
    <subfield code="8">RTB</subfield>
    <subfield code="a">CURAJ</subfield>
    <subfield code="b">CURAJ</subfield>
    <subfield code="d">2016-01-20</subfield>
    <subfield code="e">PHY</subfield>
    <subfield code="o">531 K65M</subfield>
    <subfield code="p">25522</subfield>
    <subfield code="r">2024-11-21</subfield>
    <subfield code="w">2020-09-02</subfield>
    <subfield code="y">BK</subfield>
  </datafield>
  <datafield tag="952" ind1=" " ind2=" ">
    <subfield code="0">0</subfield>
    <subfield code="1">0</subfield>
    <subfield code="4">0</subfield>
    <subfield code="7">0</subfield>
    <subfield code="8">TXB</subfield>
    <subfield code="a">CURAJ</subfield>
    <subfield code="b">CURAJ</subfield>
    <subfield code="d">2016-01-20</subfield>
    <subfield code="e">PHY</subfield>
    <subfield code="o">531 K65M</subfield>
    <subfield code="p">25520</subfield>
    <subfield code="r">2024-11-21</subfield>
    <subfield code="w">2020-09-02</subfield>
    <subfield code="y">BK</subfield>
  </datafield>
  <datafield tag="952" ind1=" " ind2=" ">
    <subfield code="0">0</subfield>
    <subfield code="1">0</subfield>
    <subfield code="4">0</subfield>
    <subfield code="7">0</subfield>
    <subfield code="8">TXB</subfield>
    <subfield code="a">CURAJ</subfield>
    <subfield code="b">CURAJ</subfield>
    <subfield code="d">2016-01-20</subfield>
    <subfield code="e">PHY</subfield>
    <subfield code="l">2</subfield>
    <subfield code="o">531 K65M</subfield>
    <subfield code="p">25521</subfield>
    <subfield code="r">2024-11-21</subfield>
    <subfield code="s">2023-03-31</subfield>
    <subfield code="w">2020-09-02</subfield>
    <subfield code="y">BK</subfield>
  </datafield>
  <datafield tag="952" ind1=" " ind2=" ">
    <subfield code="0">0</subfield>
    <subfield code="1">0</subfield>
    <subfield code="2">ddc</subfield>
    <subfield code="4">0</subfield>
    <subfield code="7">0</subfield>
    <subfield code="8">TXB</subfield>
    <subfield code="a">CURAJ</subfield>
    <subfield code="b">CURAJ</subfield>
    <subfield code="d">2012-06-08</subfield>
    <subfield code="e">MTH</subfield>
    <subfield code="g">425.00</subfield>
    <subfield code="o">531 K65M</subfield>
    <subfield code="p">7282</subfield>
    <subfield code="r">2024-11-21</subfield>
    <subfield code="w">2020-09-02</subfield>
    <subfield code="y">BK</subfield>
  </datafield>
  <datafield tag="952" ind1=" " ind2=" ">
    <subfield code="0">0</subfield>
    <subfield code="1">0</subfield>
    <subfield code="2">ddc</subfield>
    <subfield code="4">0</subfield>
    <subfield code="7">0</subfield>
    <subfield code="8">TXB</subfield>
    <subfield code="a">CURAJ</subfield>
    <subfield code="b">CURAJ</subfield>
    <subfield code="d">2014-03-12</subfield>
    <subfield code="e">PHY</subfield>
    <subfield code="g">0.00</subfield>
    <subfield code="l">4</subfield>
    <subfield code="o">531 K65M</subfield>
    <subfield code="p">14465</subfield>
    <subfield code="r">2025-12-18</subfield>
    <subfield code="s">2025-12-03</subfield>
    <subfield code="w">2020-09-02</subfield>
    <subfield code="y">BK</subfield>
  </datafield>
  <datafield tag="952" ind1=" " ind2=" ">
    <subfield code="0">0</subfield>
    <subfield code="1">0</subfield>
    <subfield code="2">ddc</subfield>
    <subfield code="4">0</subfield>
    <subfield code="7">0</subfield>
    <subfield code="8">TXB</subfield>
    <subfield code="a">CURAJ</subfield>
    <subfield code="b">CURAJ</subfield>
    <subfield code="d">2014-03-12</subfield>
    <subfield code="e">PHY</subfield>
    <subfield code="g">0.00</subfield>
    <subfield code="l">2</subfield>
    <subfield code="o">531 K65M</subfield>
    <subfield code="p">14466</subfield>
    <subfield code="r">2025-09-25</subfield>
    <subfield code="s">2025-09-25</subfield>
    <subfield code="w">2020-09-02</subfield>
    <subfield code="y">BK</subfield>
  </datafield>
  <datafield tag="952" ind1=" " ind2=" ">
    <subfield code="0">0</subfield>
    <subfield code="1">0</subfield>
    <subfield code="2">ddc</subfield>
    <subfield code="4">0</subfield>
    <subfield code="7">0</subfield>
    <subfield code="8">TXB</subfield>
    <subfield code="a">CURAJ</subfield>
    <subfield code="b">CURAJ</subfield>
    <subfield code="d">2014-03-12</subfield>
    <subfield code="e">PHY</subfield>
    <subfield code="g">0.00</subfield>
    <subfield code="l">1</subfield>
    <subfield code="o">531 K65M</subfield>
    <subfield code="p">14467</subfield>
    <subfield code="r">2025-10-15</subfield>
    <subfield code="s">2025-10-03</subfield>
    <subfield code="w">2020-09-02</subfield>
    <subfield code="y">BK</subfield>
  </datafield>
  <datafield tag="952" ind1=" " ind2=" ">
    <subfield code="0">0</subfield>
    <subfield code="1">0</subfield>
    <subfield code="2">ddc</subfield>
    <subfield code="4">0</subfield>
    <subfield code="7">1</subfield>
    <subfield code="8">RTB</subfield>
    <subfield code="a">CURAJ</subfield>
    <subfield code="b">CURAJ</subfield>
    <subfield code="d">2014-03-12</subfield>
    <subfield code="e">PHY</subfield>
    <subfield code="g">0.00</subfield>
    <subfield code="o">531 K65M</subfield>
    <subfield code="p">14468</subfield>
    <subfield code="r">2024-11-21</subfield>
    <subfield code="w">2020-09-02</subfield>
    <subfield code="y">REF</subfield>
  </datafield>
  <datafield tag="952" ind1=" " ind2=" ">
    <subfield code="0">0</subfield>
    <subfield code="1">0</subfield>
    <subfield code="2">ddc</subfield>
    <subfield code="4">0</subfield>
    <subfield code="7">0</subfield>
    <subfield code="8">TXB</subfield>
    <subfield code="a">CURAJ</subfield>
    <subfield code="b">CURAJ</subfield>
    <subfield code="c">PHY</subfield>
    <subfield code="d">2021-03-30</subfield>
    <subfield code="e">Technical Bureau</subfield>
    <subfield code="g">895.00</subfield>
    <subfield code="i">TB2889/24-02-2021</subfield>
    <subfield code="l">1</subfield>
    <subfield code="o">531 K65M</subfield>
    <subfield code="p">35986</subfield>
    <subfield code="r">2024-10-01</subfield>
    <subfield code="s">2024-09-06</subfield>
    <subfield code="w">2021-03-30</subfield>
    <subfield code="y">BK</subfield>
  </datafield>
  <datafield tag="952" ind1=" " ind2=" ">
    <subfield code="0">0</subfield>
    <subfield code="1">0</subfield>
    <subfield code="2">ddc</subfield>
    <subfield code="4">0</subfield>
    <subfield code="7">0</subfield>
    <subfield code="8">TXB</subfield>
    <subfield code="a">CURAJ</subfield>
    <subfield code="b">CURAJ</subfield>
    <subfield code="c">PHY</subfield>
    <subfield code="d">2021-03-30</subfield>
    <subfield code="e">Technical Bureau</subfield>
    <subfield code="g">895.00</subfield>
    <subfield code="i">TB2889/24-02-2021</subfield>
    <subfield code="l">1</subfield>
    <subfield code="o">531 K65M</subfield>
    <subfield code="p">35987</subfield>
    <subfield code="r">2024-12-27</subfield>
    <subfield code="s">2024-12-17</subfield>
    <subfield code="w">2021-03-30</subfield>
    <subfield code="y">BK</subfield>
  </datafield>
  <datafield tag="952" ind1=" " ind2=" ">
    <subfield code="0">0</subfield>
    <subfield code="1">0</subfield>
    <subfield code="2">ddc</subfield>
    <subfield code="4">0</subfield>
    <subfield code="7">0</subfield>
    <subfield code="8">TXB</subfield>
    <subfield code="a">CURAJ</subfield>
    <subfield code="b">CURAJ</subfield>
    <subfield code="c">PHY</subfield>
    <subfield code="d">2021-03-30</subfield>
    <subfield code="e">Technical Bureau</subfield>
    <subfield code="g">895.00</subfield>
    <subfield code="i">TB2889/24-02-2021</subfield>
    <subfield code="o">531 K65M</subfield>
    <subfield code="p">35988</subfield>
    <subfield code="r">2021-03-30</subfield>
    <subfield code="w">2021-03-30</subfield>
    <subfield code="y">BK</subfield>
  </datafield>
  <datafield tag="952" ind1=" " ind2=" ">
    <subfield code="0">0</subfield>
    <subfield code="1">0</subfield>
    <subfield code="2">ddc</subfield>
    <subfield code="4">0</subfield>
    <subfield code="7">0</subfield>
    <subfield code="8">TXB</subfield>
    <subfield code="a">CURAJ</subfield>
    <subfield code="b">CURAJ</subfield>
    <subfield code="c">PHY</subfield>
    <subfield code="d">2021-03-30</subfield>
    <subfield code="e">Technical Bureau</subfield>
    <subfield code="g">895.00</subfield>
    <subfield code="i">TB2889/24-02-2021</subfield>
    <subfield code="l">1</subfield>
    <subfield code="o">531 K65M</subfield>
    <subfield code="p">35989</subfield>
    <subfield code="r">2023-04-28</subfield>
    <subfield code="s">2023-04-13</subfield>
    <subfield code="w">2021-03-30</subfield>
    <subfield code="y">BK</subfield>
  </datafield>
  <datafield tag="952" ind1=" " ind2=" ">
    <subfield code="0">0</subfield>
    <subfield code="1">0</subfield>
    <subfield code="2">ddc</subfield>
    <subfield code="4">0</subfield>
    <subfield code="7">0</subfield>
    <subfield code="8">TXB</subfield>
    <subfield code="a">CURAJ</subfield>
    <subfield code="b">CURAJ</subfield>
    <subfield code="c">PHY</subfield>
    <subfield code="d">2021-07-02</subfield>
    <subfield code="e">Technical Bureau</subfield>
    <subfield code="g">895.00</subfield>
    <subfield code="i">TB2889/24-02-2021</subfield>
    <subfield code="l">3</subfield>
    <subfield code="o">531 K65M</subfield>
    <subfield code="p">35981</subfield>
    <subfield code="r">2025-01-08</subfield>
    <subfield code="s">2024-12-24</subfield>
    <subfield code="w">2021-07-02</subfield>
    <subfield code="y">BK</subfield>
  </datafield>
  <datafield tag="952" ind1=" " ind2=" ">
    <subfield code="0">0</subfield>
    <subfield code="1">0</subfield>
    <subfield code="2">ddc</subfield>
    <subfield code="4">0</subfield>
    <subfield code="7">0</subfield>
    <subfield code="8">TXB</subfield>
    <subfield code="a">CURAJ</subfield>
    <subfield code="b">CURAJ</subfield>
    <subfield code="c">PHY</subfield>
    <subfield code="d">2021-07-02</subfield>
    <subfield code="e">Technical Bureau</subfield>
    <subfield code="g">895.00</subfield>
    <subfield code="i">TB2889/24-02-2021</subfield>
    <subfield code="l">2</subfield>
    <subfield code="o">531 K65M</subfield>
    <subfield code="p">35982</subfield>
    <subfield code="r">2022-04-21</subfield>
    <subfield code="s">2022-04-07</subfield>
    <subfield code="w">2021-07-02</subfield>
    <subfield code="y">BK</subfield>
  </datafield>
  <datafield tag="952" ind1=" " ind2=" ">
    <subfield code="0">0</subfield>
    <subfield code="1">0</subfield>
    <subfield code="2">ddc</subfield>
    <subfield code="4">0</subfield>
    <subfield code="7">0</subfield>
    <subfield code="8">TXB</subfield>
    <subfield code="a">CURAJ</subfield>
    <subfield code="b">CURAJ</subfield>
    <subfield code="c">PHY</subfield>
    <subfield code="d">2021-07-09</subfield>
    <subfield code="e">Technical Bureau</subfield>
    <subfield code="g">895.00</subfield>
    <subfield code="i">TB2889/24-02-2021</subfield>
    <subfield code="l">3</subfield>
    <subfield code="o">531 K65M</subfield>
    <subfield code="p">35980</subfield>
    <subfield code="r">2023-12-28</subfield>
    <subfield code="s">2023-12-20</subfield>
    <subfield code="w">2021-07-09</subfield>
    <subfield code="y">BK</subfield>
  </datafield>
  <datafield tag="952" ind1=" " ind2=" ">
    <subfield code="0">0</subfield>
    <subfield code="1">0</subfield>
    <subfield code="2">ddc</subfield>
    <subfield code="4">0</subfield>
    <subfield code="7">0</subfield>
    <subfield code="8">TXB</subfield>
    <subfield code="a">CURAJ</subfield>
    <subfield code="b">CURAJ</subfield>
    <subfield code="c">PHY</subfield>
    <subfield code="d">2021-07-09</subfield>
    <subfield code="e">Technical Bureau</subfield>
    <subfield code="g">895.00</subfield>
    <subfield code="i">TB2889/24-02-2021</subfield>
    <subfield code="o">531 K65M</subfield>
    <subfield code="p">35983</subfield>
    <subfield code="r">2021-07-09</subfield>
    <subfield code="w">2021-07-09</subfield>
    <subfield code="y">BK</subfield>
  </datafield>
  <datafield tag="952" ind1=" " ind2=" ">
    <subfield code="0">0</subfield>
    <subfield code="1">0</subfield>
    <subfield code="2">ddc</subfield>
    <subfield code="4">0</subfield>
    <subfield code="7">0</subfield>
    <subfield code="8">TXB</subfield>
    <subfield code="a">CURAJ</subfield>
    <subfield code="b">CURAJ</subfield>
    <subfield code="c">PHY</subfield>
    <subfield code="d">2021-07-09</subfield>
    <subfield code="e">Technical Bureau</subfield>
    <subfield code="g">895.00</subfield>
    <subfield code="i">TB2889/24-02-2021</subfield>
    <subfield code="o">531 K65M</subfield>
    <subfield code="p">35984</subfield>
    <subfield code="r">2021-07-09</subfield>
    <subfield code="w">2021-07-09</subfield>
    <subfield code="y">BK</subfield>
  </datafield>
  <datafield tag="952" ind1=" " ind2=" ">
    <subfield code="0">0</subfield>
    <subfield code="1">0</subfield>
    <subfield code="2">ddc</subfield>
    <subfield code="4">0</subfield>
    <subfield code="7">0</subfield>
    <subfield code="8">TXB</subfield>
    <subfield code="a">CURAJ</subfield>
    <subfield code="b">CURAJ</subfield>
    <subfield code="c">PHY</subfield>
    <subfield code="d">2021-07-09</subfield>
    <subfield code="e">Technical Bureau</subfield>
    <subfield code="g">895.00</subfield>
    <subfield code="i">TB2889/24-02-2021</subfield>
    <subfield code="o">531 K65M</subfield>
    <subfield code="p">35985</subfield>
    <subfield code="r">2021-07-09</subfield>
    <subfield code="w">2021-07-09</subfield>
    <subfield code="y">BK</subfield>
  </datafield>
</record>
